00753nam a22002297a 4500003000500000005001700005008004100022010001100063011001100074035001100085040000900096082001800105110000800123245020500131260002300336300002200359650002600381650004200407650004100449700001800490700001500508CHAP20220817044524.0120524s2011 it rn 00010 eng d a103210 a104182 a114872 cCHAP04a305.563bF21f2 aFAO14aLe rôle des organisations de productrices dans les Chaînes de valeur des produits agricoles :benseingnements pratiques tirés d'expériences en Afrique et en Indec/por Aziz Elbehri y Maria Lee aRoma :bFAO,c2011 avi, 57 p. :blus.14aMujer en agricultura.14aMujer en comunidades ruralesxAfrica.14aMujer en comunidades ruraleszIndia.1 aElbehri, Aziz1 aLee, Maria